000
00326nam a2200145Ia 4500
008
210210b1953 xxu||||| |||| 00| 0 eng d
041
_a
eng
082
_a
879/216
100
_a
YASHPAL
245
_a
Rajyadrohi
260
_a
_b
Not Mentioned
_c
1953
650
_a
Rajyadrohi
690
_a
Malayalam Fiction
906
_a
002854
999
_c
124967
_d
124967